[Event "Fujairah Masters 2012"]
[Site "Fujairah City UAE"]
[Date "2012.11.13"]
[Round "1.1"]
[White "Ashwin, Jayaram"]
[Black "Jobava, Baadur"]
[Result "0-1"]
[WhiteTitle "IM"]
[BlackTitle "GM"]
[WhiteElo "2488"]
[BlackElo "2710"]
[WhiteFideId "5018137"]
[BlackFideId "13601520"]
[EventDate "2012.11.13"]

1. d4 Nf6 2. c4 d6 3. Nc3 Bf5 4. Nf3 g6 5. Bg5 Bg7 6. e3 O-O 7. Bd3 Bxd3 8. Qxd3
Nbd7 9. O-O h6 10. Bh4 c6 11. Rfe1 Nh5 12. Nd2 g5 13. Qe2 Ndf6 14. Bg3 Nxg3 15.
hxg3 g4 16. e4 h5 17. Rad1 Nd7 18. Nf1 e6 19. Qc2 Qg5 20. Ne3 Rfd8 21. Ne2 Nf8
22. Nf4 c5 23. d5 Be5 24. Nd3 Bd4 25. Qb3 Rab8 26. Nc2 Bg7 27. e5 dxe5 0-1

[Event "Fujairah Masters 2012"]
[Site "Fujairah City UAE"]
[Date "2012.11.13"]
[Round "1.3"]
[White "Satyapragyan, Swayangsu"]
[Black "Bacrot, Etienne"]
[Result "0-1"]
[WhiteTitle "IM"]
[BlackTitle "GM"]
[WhiteElo "2474"]
[BlackElo "2702"]
[WhiteFideId "5004306"]
[BlackFideId "605506"]
[EventDate "2012.11.13"]

1. e4 g6 2. d4 d6 3. Nc3 Bg7 4. Nf3 Nf6 5. Be2 O-O 6. O-O c5 7. d5 Bg4 8. Be3
Bxf3 9. Bxf3 Nbd7 10. Be2 Ne8 11. a4 Nc7 12. Bc4 Ne5 13. Ba2 a6 14. f4 Nd7 15.
Bc4 Rb8 16. a5 b5 17. axb6 Rxb6 18. Na4 Rb4 19. Qd3 Nb6 20. Nxb6 Rxb6 21. Bxa6
Bxb2 22. Ra2 Nxa6 23. Rxa6 Rxa6 24. Qxa6 Qa8 25. Qxa8 Rxa8 26. Kf2 Ra4 27. Kf3
Rc4 28. Rf2 Rc3 29. Re2 Bc1 30. e5 Kf8 31. Re1 Bxe3 32. Rxe3 Rxc2 33. Rd3 h5 34.
h3 h4 35. Rd1 Rb2 36. Rd3 Kg7 37. Rd1 f6 38. exd6 exd6 39. Rd3 f5 40. Rd1 Rb3+
41. Kf2 Rb4 42. Kf3 Kh6 43. Rd3 Ra4 44. Rd1 g5 0-1

[Event "Fujairah Masters 2012"]
[Site "Fujairah City UAE"]
[Date "2012.11.13"]
[Round "1.4"]
[White "Moiseenko, Alexander"]
[Black "Zeng, Chongsheng"]
[Result "1/2-1/2"]
[WhiteTitle "GM"]
[BlackTitle "IM"]
[WhiteElo "2702"]
[BlackElo "2474"]
[WhiteFideId "14102560"]
[BlackFideId "8603847"]
[EventDate "2012.11.13"]

1. d4 d5 2. c4 dxc4 3. Nf3 Nf6 4. e3 e6 5. Bxc4 c5 6. O-O a6 7. e4 b5 8. Bd3 Bb7
9. e5 Nfd7 10. a4 bxa4 11. Ng5 Be7 12. Qh5 Bxg5 13. Bxg5 Qc7 14. Nd2 Bd5 15. Ne4
Bxe4 16. Bxe4 Nc6 17. Rxa4 Rb8 18. d5 exd5 19. Bxd5 Nb6 20. Bxc6+ Qxc6 21. Rg4
Nd5 22. Bc1 g6 23. Qh6 Qe6 24. Rg5 Ne7 25. Qg7 Kd7 26. Rd1+ Kc7 27. Rd6 Nf5 28.
Rxf5 Qxf5 29. Rf6 Rhd8 30. h3 Qb1 31. Qxf7+ Rd7 32. Qc4 Rd1+ 33. Kh2 Qxc1 34.
Rf7+ Kd8 35. Rf8+ Kc7 36. Rf7+ Kd8 1/2-1/2

[Event "Fujairah Masters 2012"]
[Site "Fujairah City UAE"]
[Date "2012.11.13"]
[Round "1.5"]
[White "Vishnu Prasanna, V"]
[Black "Li, Chao b"]
[Result "1/2-1/2"]
[WhiteTitle "IM"]
[BlackTitle "GM"]
[WhiteElo "2463"]
[BlackElo "2693"]
[WhiteFideId "5030692"]
[BlackFideId "8604436"]
[EventDate "2012.11.13"]

1. c4 Nf6 2. Nc3 c5 3. g3 g6 4. Bg2 Bg7 5. a3 Nc6 6. Rb1 O-O 7. d3 d6 8. Nf3 Be6
9. O-O h6 10. b4 Nd7 11. Qb3 b6 12. Nd5 b5 13. Bd2 Rb8 14. Bc3 bxc4 15. dxc4
cxb4 16. axb4 Nxb4 17. Bxb4 a5 18. Qc2 axb4 19. Rxb4 Rxb4 20. Nxb4 Qc7 1/2-1/2

[Event "Fujairah Masters 2012"]
[Site "Fujairah City UAE"]
[Date "2012.11.13"]
[Round "1.7"]
[White "Atabayev, Maksat"]
[Black "Kryvoruchko, Yuriy"]
[Result "0-1"]
[WhiteTitle "FM"]
[BlackTitle "GM"]
[WhiteElo "2446"]
[BlackElo "2679"]
[WhiteFideId "14001101"]
[BlackFideId "14109182"]
[EventDate "2012.11.13"]

1. e4 c5 2. Nf3 Nc6 3. d4 cxd4 4. Nxd4 Nf6 5. Nc3 e5 6. Ndb5 d6 7. Bg5 a6 8. Na3
b5 9. Nd5 Be7 10. Bxf6 Bxf6 11. c4 b4 12. Nc2 O-O 13. Be2 a5 14. O-O Bg5 15. Bf3
Be6 16. Qd3 Rb8 17. b3 Qd7 18. Rfd1 Rfd8 19. Qe2 Qa7 20. Bg4 Rf8 21. g3 g6 22.
Kg2 f5 23. Bf3 Rbc8 24. Nde3 f4 25. Nf1 Be7 26. Rd2 h5 27. Rd3 Rf7 28. g4 Rcf8
29. gxh5 gxh5 30. Bxh5 Rg7+ 31. Kh1 Bh4 32. Nd2 Qxf2 33. Qxf2 Bxf2 34. Rxd6 Rf6
35. Rd3 Rh6 36. Be8 Nd4 37. Nxd4 Bxd4 38. Rxd4 exd4 39. Bc6 Bxc4 40. Nxc4 Rxc6
41. Rf1 Rcg6 42. Ne5 Rg2 43. Nf3 d3 44. Rd1 Rf2 45. Ne5 d2 46. Nc4 Rgg2 0-1

[Event "Fujairah Masters 2012"]
[Site "Fujairah City UAE"]
[Date "2012.11.13"]
[Round "1.9"]
[White "Atabayev, Yusup"]
[Black "Petrosian, Tigran L."]
[Result "1/2-1/2"]
[WhiteTitle "FM"]
[BlackTitle "GM"]
[WhiteElo "2407"]
[BlackElo "2659"]
[WhiteFideId "14001128"]
[BlackFideId "13301616"]
[EventDate "2012.11.13"]

1. e4 e5 2. Nf3 Nc6 3. Bb5 Nf6 4. O-O Nxe4 5. d4 Nd6 6. Bxc6 dxc6 7. dxe5 Nf5 8.
Qxd8+ Kxd8 9. Nc3 Ke8 10. Ne4 Be6 11. Ng3 c5 12. Ng5 Nxg3 13. hxg3 Bf5 14. c3 h6
15. Nh3 g5 16. Re1 Kd7 17. f4 gxf4 18. Nxf4 Kc6 19. Nh5 1/2-1/2

[Event "Fujairah Masters 2012"]
[Site "Fujairah City UAE"]
[Date "2012.11.13"]
[Round "1.10"]
[White "Fedorchuk, Sergey A."]
[Black "Odeev, Handszar"]
[Result "1-0"]
[WhiteTitle "GM"]
[BlackTitle "GM"]
[WhiteElo "2652"]
[BlackElo "2402"]
[WhiteFideId "14102536"]
[BlackFideId "14000091"]
[EventDate "2012.11.13"]

1. e4 c5 2. Ne2 Nf6 3. Nbc3 d5 4. exd5 Nxd5 5. Nxd5 Qxd5 6. Nc3 Qd8 7. b3 g6 8.
Ba3 Qa5 9. Bb2 Bg7 10. Qc1 O-O 11. Nd5 e5 12. Ne7+ Kh8 13. Nxc8 Rxc8 14. g3 Nc6
15. Bg2 Qa6 16. d3 Nd4 17. c3 Nc6 18. Qc2 Rd8 19. Bf3 Rxd3 20. Be2 c4 21. bxc4
Rdd8 22. Rd1 Qa5 23. Qb3 Rxd1+ 24. Bxd1 Qc7 25. Bf3 Bf8 26. Qb5 a6 27. Qb3 Qa5
28. Bc1 Kg7 29. Be2 Bc5 1-0

[Event "Fujairah Masters 2012"]
[Site "Fujairah City UAE"]
[Date "2012.11.13"]
[Round "1.12"]
[White "Parligras, Mircea-Emilian"]
[Black "Akshat, Khamparia"]
[Result "1/2-1/2"]
[WhiteTitle "GM"]
[BlackTitle "IM"]
[WhiteElo "2635"]
[BlackElo "2398"]
[WhiteFideId "1204297"]
[BlackFideId "5016541"]
[EventDate "2012.11.13"]

1. d4 Nf6 2. c4 g6 3. Nc3 Bg7 4. e4 d6 5. f3 O-O 6. Be3 c5 7. Nge2 Nc6 8. d5 Ne5
9. Ng3 e6 10. Be2 exd5 11. cxd5 a6 12. a4 h5 13. O-O Nh7 14. Qd2 h4 15. Nh1 f5
16. Nf2 Qf6 17. exf5 gxf5 18. Nh3 Ng6 19. f4 Bd7 20. a5 Rfe8 21. Bf2 Bh6 22.
Rab1 Rac8 23. Rfc1 Bg7 24. Bh5 Nhf8 25. Ng5 Re7 26. Re1 Rce8 27. g3 hxg3 28.
hxg3 Rxe1+ 29. Rxe1 Rxe1+ 30. Qxe1 Qd8 31. Ne6 Qxa5 32. g4 fxg4 33. Nxf8 Nxf8
34. Qe7 Qa1+ 35. Kg2 Qxb2 36. Ne4 Kh7 37. Qh4 Kg8 38. Qe7 Kh7 39. Qh4 1/2-1/2

[Event "Fujairah Masters 2012"]
[Site "Fujairah City UAE"]
[Date "2012.11.13"]
[Round "1.13"]
[White "Anurag, Mhamal"]
[Black "Zherebukh, Yaroslav"]
[Result "0-1"]
[WhiteTitle "FM"]
[BlackTitle "GM"]
[WhiteElo "2392"]
[BlackElo "2627"]
[WhiteFideId "5024366"]
[BlackFideId "14116804"]
[EventDate "2012.11.13"]

1. c4 Nf6 2. g3 g6 3. Bg2 Bg7 4. Nc3 O-O 5. e4 d6 6. Nge2 c5 7. O-O Nc6 8. h3
Ne8 9. Rb1 Nc7 10. a3 Rb8 11. b4 cxb4 12. axb4 b5 13. d4 bxc4 14. b5 Na5 15. Qa4
Ne6 16. Be3 Bd7 17. Rb2 a6 18. Ra2 Nb3 19. Qxc4 Bxb5 20. Nxb5 Rxb5 21. Rxa6 Qb8
22. Ra4 Rc8 23. Qd3 Ra5 24. Rxa5 Nxa5 25. Rb1 Qc7 26. Qb5 Qc4 27. Qxc4 Nxc4 28.
Rc1 Rc7 29. d5 Nxe3 30. dxe6 Rxc1+ 31. Nxc1 Nd1 32. Bf3 Nc3 33. exf7+ Kxf7 34.
Ne2 Na4 35. Nf4 Nc5 36. Kf1 Bh6 37. Nd5 Nb3 38. Bg2 e6 39. Nf4 Bg7 40. Ke2 Bc3 0-1

[Event "Fujairah Masters 2012"]
[Site "Fujairah City UAE"]
[Date "2012.11.13"]
[Round "1.14"]
[White "Safarli, Eltaj"]
[Black "Sagar, Shah"]
[Result "1-0"]
[WhiteTitle "GM"]
[WhiteElo "2626"]
[BlackElo "2379"]
[WhiteFideId "13402129"]
[BlackFideId "5022509"]
[EventDate "2012.11.13"]

1. e4 c5 2. Nf3 e6 3. d4 cxd4 4. Nxd4 Nc6 5. Nc3 Qc7 6. Be3 a6 7. Qd2 Nf6 8.
O-O-O Be7 9. f3 O-O 10. g4 b5 11. g5 Nh5 12. Kb1 Na5 13. f4 1-0

[Event "Fujairah Masters 2012"]
[Site "Fujairah City UAE"]
[Date "2012.11.13"]
[Round "1.15"]
[White "Udeshi, Aditya"]
[Black "Lupulescu, Constantin"]
[Result "0-1"]
[WhiteTitle "IM"]
[BlackTitle "GM"]
[WhiteElo "2368"]
[BlackElo "2622"]
[WhiteFideId "5021740"]
[BlackFideId "1207822"]
[EventDate "2012.11.13"]

1. e4 c6 2. d4 d5 3. f3 e6 4. Nc3 Bb4 5. Bd2 Ne7 6. Nce2 Ba5 7. e5 c5 8. dxc5
Nbc6 9. f4 Nf5 10. c3 f6 11. exf6 Qxf6 12. Nf3 O-O 13. g3 e5 14. fxe5 Nxe5 15.
Nxe5 Nxg3 16. Bf4 Nxh1 17. Qxd5+ Be6 18. Qxh1 Bc7 19. Qe4 Rad8 20. Bg2 0-1

[Event "Fujairah Masters 2012"]
[Site "Fujairah City UAE"]
[Date "2012.11.13"]
[Round "1.16"]
[White "Saric, Ivan"]
[Black "Omar, Noaman"]
[Result "1-0"]
[WhiteTitle "GM"]
[BlackTitle "IM"]
[WhiteElo "2622"]
[BlackElo "2313"]
[WhiteFideId "14508150"]
[BlackFideId "9300244"]
[EventDate "2012.11.13"]

1. e4 c6 2. Nc3 d5 3. Nf3 Bg4 4. h3 Bh5 5. exd5 cxd5 6. g4 Bg6 7. Ne5 Nc6 8. d4
f6 9. Nxg6 hxg6 10. Bd3 Kf7 11. Ne2 e6 12. Nf4 Nge7 13. c3 e5 14. dxe5 Nxe5 15.
Be2 g5 16. Nd3 N7c6 17. Nxe5+ fxe5 18. Qd3 Bc5 19. Be3 Bxe3 20. fxe3 e4 21. Qb5
Rh6 22. O-O-O Ne7 23. Bc4 Rd6 24. Bb3 a5 25. Rd4 a4 26. Rxa4 Rxa4 27. Qxa4 Ng6
28. Rd1 Rd7 1-0

[Event "Fujairah Masters 2012"]
[Site "Fujairah City UAE"]
[Date "2012.11.13"]
[Round "1.17"]
[White "Salih, Akar Ali Salih"]
[Black "Sumets, Andrey"]
[Result "0-1"]
[WhiteTitle "FM"]
[BlackTitle "GM"]
[WhiteElo "2287"]
[BlackElo "2622"]
[WhiteFideId "4800575"]
[BlackFideId "14105500"]
[EventDate "2012.11.13"]

1. e4 e6 2. d4 d5 3. Nd2 c5 4. exd5 Qxd5 5. Ngf3 cxd4 6. Bc4 Qd7 7. Nb3 Nc6 8.
Nbxd4 Nf6 9. O-O Bc5 10. Nxc6 Qxc6 11. Qe2 O-O 12. Bg5 Nd5 13. Bd3 h6 14. c4
hxg5 15. cxd5 exd5 16. Rac1 g4 17. Ng5 Qb6 18. Qe5 Qd6 19. Bh7+ Kh8 20. Nxf7+
Rxf7 21. Qh5 Rxf2 22. Bg6+ Kg8 23. Kh1 Be6 24. Qh4 Qf4 25. Rfe1 Bd6 26. Kg1 g3
27. Qxf4 Bxf4 28. hxg3 Bxc1 29. Kxf2 Rf8+ 30. Kg1 Rf6 0-1

[Event "Fujairah Masters 2012"]
[Site "Fujairah City UAE"]
[Date "2012.11.13"]
[Round "1.18"]
[White "Guseinov, Gadir"]
[Black "Arjun, Bharat"]
[Result "1-0"]
[WhiteTitle "GM"]
[BlackTitle "CM"]
[WhiteElo "2621"]
[BlackElo "2287"]
[WhiteFideId "13401378"]
[BlackFideId "5032725"]
[EventDate "2012.11.13"]

1. e4 c6 2. d4 d5 3. exd5 cxd5 4. c4 Nf6 5. Nc3 e6 6. Nf3 Be7 7. cxd5 Nxd5 8.
Bd3 Nc6 9. O-O O-O 10. Re1 Bf6 11. Bb1 Nce7 12. h4 Bd7 13. h5 Rc8 14. Ne4 Nf5
15. h6 gxh6 16. Nxf6+ Qxf6 17. Ne5 Rfd8 18. Qf3 Nde7 19. Bxf5 Nxf5 20. d5 Qg7
21. Bf4 Be8 22. dxe6 fxe6 23. Red1 Rxd1+ 24. Rxd1 Bc6 25. Nxc6 bxc6 26. Qe4 Qf7
27. Be5 h5 28. b4 h6 29. Rd3 h4 30. Rf3 Qg6 31. Rc3 Qe8 32. a4 Qd7 33. Kh2 Kf7
34. Rc5 h5 35. Qc4 Ke7 36. Qc1 Rg8 37. Rxc6 Rxg2+ 38. Kxg2 Qd5+ 39. Kg1 Qxe5 1-0

[Event "Fujairah Masters 2012"]
[Site "Fujairah City UAE"]
[Date "2012.11.13"]
[Round "1.19"]
[White "AlHuwar, Jasem"]
[Black "Ganguly, Surya Shekhar"]
[Result "0-1"]
[WhiteTitle "FM"]
[BlackTitle "GM"]
[WhiteElo "2275"]
[BlackElo "2619"]
[WhiteFideId "9300465"]
[BlackFideId "5002150"]
[EventDate "2012.11.13"]

1. Nf3 g6 2. c4 Bg7 3. e4 d6 4. d4 Nf6 5. Nc3 O-O 6. Be2 e5 7. dxe5 dxe5 8. Qxd8
Rxd8 9. Nd5 Nxd5 10. cxd5 c6 11. Bc4 cxd5 12. Bxd5 Nd7 13. Bg5 Re8 14. Nd2 Nc5
15. O-O Be6 16. Rac1 Rac8 17. Be3 Bxd5 18. exd5 Nd3 19. Rxc8 Rxc8 20. Bxa7 Rd8
21. Ne4 f5 22. Nc3 e4 23. Bb6 Rd7 24. Rb1 Kf7 25. f3 exf3 26. gxf3 Be5 27. Ba5
h5 28. Nd1 Rxd5 29. Bc3 Bf4 30. a4 Nc5 31. b3 Rd3 32. Kg2 h4 33. a5 h3+ 34. Kxh3
Ne4 35. Be1 Ng5+ 36. Kg2 Nxf3 37. Bg3 Bxg3 38. hxg3 Nd2 39. Rb2 Ne4 40. Nf2
Rxg3+ 41. Kh2 Re3 42. Nxe4 Rxe4 43. b4 Kf6 0-1

[Event "Fujairah Masters 2012"]
[Site "Fujairah City UAE"]
[Date "2012.11.13"]
[Round "1.21"]
[White "Mariano, Nelson III"]
[Black "Ehlvest, Jaan"]
[Result "0-1"]
[BlackTitle "GM"]
[WhiteElo "2270"]
[BlackElo "2597"]
[WhiteFideId "5201748"]
[BlackFideId "4500016"]
[EventDate "2012.11.13"]

1. e4 e5 2. Nf3 Nc6 3. Bb5 Bc5 4. O-O d6 5. d4 exd4 6. b4 Bb6 7. Nxd4 Bd7 8.
Bxc6 bxc6 9. Nb3 Be6 10. Qe2 Nf6 11. a4 a6 12. a5 Ba7 13. Be3 Bxe3 14. Qxe3 O-O
15. N1d2 Re8 16. f3 Qb8 17. Qc3 Nd7 18. Rab1 Qb7 19. Kh1 Bxb3 20. Qxb3 Qa7 21.
Qc3 c5 22. Nb3 cxb4 23. Qxb4 Rab8 24. Qa4 Nf6 25. Qc6 h5 26. Qc3 h4 27. Nd4 Rxb1
28. Rxb1 d5 29. e5 Nh5 30. e6 fxe6 31. Qc6 Nf6 32. c3 e5 33. Nf5 h3 34. Rg1
hxg2+ 35. Kxg2 Kf7 36. Rb1 Re6 0-1

[Event "Fujairah Masters 2012"]
[Site "Fujairah City UAE"]
[Date "2012.11.13"]
[Round "1.23"]
[White "Chulivska, Vita"]
[Black "Sandipan, Chanda"]
[Result "1/2-1/2"]
[WhiteTitle "WGM"]
[BlackTitle "GM"]
[WhiteElo "2248"]
[BlackElo "2596"]
[WhiteFideId "14108917"]
[BlackFideId "5004225"]
[EventDate "2012.11.13"]

1. e4 c5 2. Nf3 d6 3. d4 cxd4 4. Nxd4 Nf6 5. Nc3 a6 6. Be3 Nc6 7. f3 Bd7 8. Qd2
Nxd4 9. Bxd4 e5 10. Be3 Rc8 11. g4 h6 12. h4 Be6 13. O-O-O Qa5 14. a3 Be7 15.
Bh3 Nd7 16. g5 hxg5 17. Bxe6 fxe6 18. hxg5 Rxh1 19. Rxh1 Nf8 20. Rh8 b5 21. Kb1
b4 22. Na2 Qb5 23. Qxb4 Qe2 24. Qa4+ Kf7 25. Bc1 Rc4 26. Qb3 Rd4 27. Qb7 Rd1 28.
Nc3 Rxc1+ 29. Kxc1 Qe1+ 30. Nd1 Ng6 31. Rc8 Nf4 32. Rc7 Ne2+ 33. Kb1 Qxd1+ 34.
Ka2 Nc1+ 35. Kb1 Ne2+ 1/2-1/2

[Event "Fujairah Masters 2012"]
[Site "Fujairah City UAE"]
[Date "2012.11.13"]
[Round "1.27"]
[White "Asabri, Hussien"]
[Black "Yu, Ruiyuan"]
[Result "0-1"]
[WhiteTitle "FM"]
[BlackTitle "GM"]
[WhiteElo "2202"]
[BlackElo "2538"]
[WhiteFideId "9200177"]
[BlackFideId "8603090"]
[EventDate "2012.11.13"]

1. d4 d5 2. Nf3 Nf6 3. c4 c6 4. g3 Bf5 5. Bg2 e6 6. O-O Nbd7 7. Nbd2 h6 8. Qb3
Qb6 9. c5 Qc7 10. Qc3 Be7 11. b4 a5 12. a3 O-O 13. Bb2 Rfd8 14. Ne5 Nxe5 15.
dxe5 d4 16. Qc4 Ng4 17. Nf3 Nxe5 18. Nxe5 Qxe5 19. e3 Be4 20. Bxd4 Qf5 21. Qc3
Bxg2 22. Kxg2 Qd5+ 23. Kg1 f6 24. f4 Qe4 25. Qb3 0-1

[Event "Fujairah Masters 2012"]
[Site "Fujairah City UAE"]
[Date "2012.11.13"]
[Round "1.28"]
[White "Ma, Qun"]
[Black "Salem, Mahjob"]
[Result "1-0"]
[WhiteElo "2534"]
[BlackElo "2200"]
[WhiteFideId "8603154"]
[BlackFideId "9202110"]
[EventDate "2012.11.13"]

1. e4 c5 2. Nf3 Nc6 3. d4 cxd4 4. Nxd4 e6 5. Nc3 Bb4 6. Nxc6 bxc6 7. Qd4 Bxc3+
8. Qxc3 Qf6 9. e5 Qg6 10. Be3 f6 11. Bd3 Qh5 12. f4 f5 13. Bc5 Ne7 14. Be2 Qh6
15. O-O Nd5 16. Qd2 Kf7 17. c4 Ne7 18. Rf3 g6 19. Qd6 Qf8 20. Rh3 Qd8 21. Rd1 h5
22. Rd2 Re8 23. Re3 Qa5 24. Ra3 Qd8 25. Qd4 Qc7 26. Rxa7 Bb7 1-0

[Event "Fujairah Masters 2012"]
[Site "Fujairah City UAE"]
[Date "2012.11.14"]
[Round "2.1"]
[White "Jobava, Baadur"]
[Black "Guseinov, Gadir"]
[Result "1/2-1/2"]
[WhiteTitle "GM"]
[BlackTitle "GM"]
[WhiteElo "2710"]
[BlackElo "2621"]
[WhiteFideId "13601520"]
[BlackFideId "13401378"]
[EventDate "2012.11.13"]

1. b3 e5 2. Bb2 d6 3. e3 g6 4. d4 Bg7 5. dxe5 Nd7 6. Nc3 dxe5 7. Qd2 Ngf6 8.
O-O-O O-O 9. Ba3 Re8 10. Nf3 a6 11. g4 e4 12. Ng5 b5 13. Nxf7 Kxf7 14. g5 Bb7
15. Qe2 Bc6 16. gxf6 Qxf6 17. Bb2 Rad8 18. Bg2 Nb6 19. Qg4 Qe7 20. Rxd8 Rxd8 21.
h4 h5 22. Qf4+ Kg8 23. Qg5 Qxg5 24. hxg5 Bxc3 25. Bxc3 Rf8 26. Rf1 Rf5 27. Bh3
Rf3 28. Bg2 Rf5 29. Bh3 1/2-1/2

[Event "Fujairah Masters 2012"]
[Site "Fujairah City UAE"]
[Date "2012.11.14"]
[Round "2.2"]
[White "Sumets, Andrey"]
[Black "Le, Quang Liem"]
[Result "1-0"]
[WhiteTitle "GM"]
[BlackTitle "GM"]
[WhiteElo "2622"]
[BlackElo "2705"]
[WhiteFideId "14105500"]
[BlackFideId "12401137"]
[EventDate "2012.11.13"]

1. d4 Nf6 2. c4 g6 3. Nc3 d5 4. Nf3 Bg7 5. e3 O-O 6. Be2 c5 7. dxc5 Qa5 8. cxd5
Nxd5 9. Qxd5 Bxc3+ 10. Bd2 Rd8 11. Qxd8+ Qxd8 12. Bxc3 Qc7 13. b4 a5 14. Be5 Qc6
15. b5 Qxc5 16. O-O Be6 17. Rfc1 Qa3 18. Rc3 Qa4 19. a3 Nd7 20. Bd4 Bd5 21. Rb1
Bxf3 22. gxf3 e5 23. Rd1 Re8 24. Ba7 Nf6 25. e4 Nh5 26. Be3 Nf4 27. Bxf4 exf4
28. Rd5 Rxe4 29. fxe4 Qxe4 30. Rd2 Kg7 31. Rcd3 Qe5 32. b6 Qg5+ 33. Kf1 Qc5 34.
Bf3 Qxb6 35. Rd7 Qb5+ 36. R2d3 b6 37. h3 h5 38. Kg2 Qg5+ 39. Kh2 Qc5 40. R3d4 b5
41. h4 Qe5 42. R4d6 Kh6 43. Kg2 b4 44. axb4 axb4 45. Rb6 Qf5 46. Rbb7 Qf6 47.
Rxf7 Qxh4 48. Rh7+ Kg5 49. Rxb4 Kf6 50. Rb6+ 1-0

[Event "Fujairah Masters 2012"]
[Site "Fujairah City UAE"]
[Date "2012.11.14"]
[Round "2.3"]
[White "Bacrot, Etienne"]
[Black "Andriasian, Zaven"]
[Result "1/2-1/2"]
[WhiteTitle "GM"]
[BlackTitle "GM"]
[WhiteElo "2702"]
[BlackElo "2604"]
[WhiteFideId "605506"]
[BlackFideId "13302000"]
[EventDate "2012.11.13"]

1. d4 d5 2. c4 c6 3. Nc3 Nf6 4. Nf3 dxc4 5. a4 Bf5 6. e3 e6 7. Bxc4 Bb4 8. O-O
Nbd7 9. Qe2 O-O 10. e4 Bg6 11. Bd3 Bh5 12. e5 Nd5 13. Nxd5 cxd5 14. Qe3 Re8 15.
Ng5 Bg6 16. Bxg6 fxg6 17. a5 Rc8 18. Ra4 Bxa5 19. Qf3 Re7 20. Nxe6 Rxe6 21. Qxd5
Nc5 22. Qxd8+ Bxd8 23. dxc5 Rxe5 24. Be3 a6 25. Rb4 Be7 26. Bd4 Bxc5 27. Bxc5
Rexc5 28. Rxb7 Rb5 29. Ra7 Rxb2 30. Rxa6 Rbc2 1/2-1/2

[Event "Fujairah Masters 2012"]
[Site "Fujairah City UAE"]
[Date "2012.11.14"]
[Round "2.4"]
[White "Kryvoruchko, Yuriy"]
[Black "Solak, Dragan"]
[Result "1/2-1/2"]
[WhiteTitle "GM"]
[BlackTitle "GM"]
[WhiteElo "2679"]
[BlackElo "2597"]
[WhiteFideId "14109182"]
[BlackFideId "916811"]
[EventDate "2012.11.13"]

1. e4 c6 2. d4 d5 3. e5 Bf5 4. Nf3 e6 5. Be2 Bg6 6. O-O Ne7 7. Nbd2 Nf5 8. Nb3
Nd7 9. c3 Rc8 10. a4 a6 11. a5 h6 12. Bd2 c5 13. dxc5 Bxc5 14. Nxc5 Nxc5 15. Nd4
O-O 16. Nxf5 Bxf5 17. Be3 Qc7 18. Bd4 Qe7 19. b4 Nd7 20. Qd2 Qg5 21. f4 Qg6 22.
Rf3 Rc7 23. Qe3 Bb1 24. Qf2 f6 25. Rg3 Qh7 26. exf6 Nxf6 27. Qe1 Bf5 28. Be5 Rd7
29. Rd1 Bc2 30. Rd4 Ne4 31. Re3 Nd6 32. Rd2 Nf5 33. Rh3 Be4 34. c4 Ne7 35. cxd5
exd5 36. b5 Ng6 37. bxa6 bxa6 38. Bxa6 Nxf4 39. Bxf4 Rxf4 40. Bd3 1/2-1/2

[Event "Fujairah Masters 2012"]
[Site "Fujairah City UAE"]
[Date "2012.11.14"]
[Round "2.8"]
[White "Zherebukh, Yaroslav"]
[Black "Salem, A.R. Saleh"]
[Result "1-0"]
[WhiteTitle "GM"]
[BlackTitle "GM"]
[WhiteElo "2627"]
[BlackElo "2550"]
[WhiteFideId "14116804"]
[BlackFideId "9301348"]
[EventDate "2012.11.13"]

1. e4 c5 2. Nf3 Nc6 3. Nc3 e5 4. Bc4 d6 5. d3 Be7 6. O-O Nf6 7. Ng5 O-O 8. f4
Bg4 9. Qe1 exf4 10. Bxf4 Nd4 11. Qf2 h6 12. Nf3 Nxf3+ 13. gxf3 Bh3 14. Rfb1 Nh5
15. Be3 Bh4 16. Qe2 Kh7 17. f4 f5 18. Qf3 Bg4 19. Qg2 g5 20. exf5 Bxf5 21. fxg5
Bxg5 22. Bxg5 Qxg5 23. Qxg5 hxg5 24. Re1 Kh6 25. Re7 Nf4 26. Bf7 Rad8 27. Rae1
Rd7 28. Rxd7 Bxd7 29. Re7 Bc6 30. Ne4 Bxe4 31. dxe4 g4 32. Rxb7 Kg5 33. Rxa7
Ne2+ 34. Kg2 Nf4+ 35. Kh1 Rb8 36. b3 Rh8 37. Bd5 g3 38. Rg7+ Ng6 39. Kg2 Rxh2+
40. Kxg3 Rxc2 41. e5 Rc3+ 42. Kf2 Kf4 43. Rxg6 Rc2+ 44. Ke1 dxe5 45. Rg2 1-0

[Event "Fujairah Masters 2012"]
[Site "Fujairah City UAE"]
[Date "2012.11.14"]
[Round "2.10"]
[White "Lupulescu, Constantin"]
[Black "Ma, Qun"]
[Result "1/2-1/2"]
[WhiteTitle "GM"]
[WhiteElo "2622"]
[BlackElo "2534"]
[WhiteFideId "1207822"]
[BlackFideId "8603154"]
[EventDate "2012.11.13"]

1. d4 d5 2. c4 c6 3. Nf3 Nf6 4. e3 Bf5 5. Nc3 e6 6. Nh4 Bg6 7. Nxg6 hxg6 8. Bd3
Nbd7 9. O-O Bd6 10. h3 a6 11. c5 Bc7 12. f4 Nh5 13. Bd2 f5 14. Be1 g5 15. Qd2
gxf4 16. exf4 Nhf6 17. Qe3 Kf7 18. Ne2 Ne4 19. g4 Ndf6 20. g5 Nd7 21. b4 Nf8 22.
a4 Ng6 23. Rf3 Nh4 24. Bxh4 Rxh4 25. Rb1 Kg6 26. Kg2 Qd7 27. Qc1 Rah8 28. Rb3
Qd8 29. Bb1 R8h7 30. Kh2 Qh8 31. Qe3 Qd8 32. Qc1 Rh8 33. Kg2 Kf7 34. Kh2 Qd7 35.
Kg2 Ra8 36. Rb2 Rhh8 37. Rfb3 Kg6 38. b5 axb5 39. axb5 Rh4 40. b6 Bb8 41. Ra2
Rxa2 42. Bxa2 Kf7 43. Rf3 Qd8 44. Qe3 Rh8 45. Bb1 Rh4 46. Bc2 Qh8 47. Bxe4 dxe4
48. Rf1 Qd8 49. Qg3 Rh5 50. Qb3 Rh8 51. Rf2 Ke7 1/2-1/2